000 00533nam a2200217Ia 4500
003 OSt
005 20220924134552.0
006 a|||||r|||| 00| 0
007 ta
008 220923b |||||||| |||| 00| 0 san d
024 _a278217
037 _cTextual
040 _aARTS
_cARTS
_bsan
041 _2san
_asan
082 _aQ25:23, 15L7
100 _aNagarjuna
245 0 _aYogaratnamala ed by Priyavrat Sharma
260 _c1977
942 _hQ25:23, 15L7
_cTEXL
_2CC
999 _c437847
_d437847